2025 F1 Track Map Quiz - Statistics

General Stats
  • This quiz has been taken 570 times
  • The average score is 18 of 24
Answer Stats
Picture Answer % Correct
Las Vegas
87%
Monaco
87%
Monza (Italy)
87%
Suzuka (Japan)
87%
Baku (Azerbaijan)
83%
Jeddah (Saudi Arabia)
81%
Shanghai (China)
80%
Spa-Francorchamps (Belgium)
79%
Lusail (Qatar)
78%
Marina Bay (Singapore)
76%
Bahrain
75%
Barcelona-Catalunya (Spain)
75%
Red-Bull Ring (Austria)
75%
Silverstone (Britain)
75%
Miami (Florida)
74%
Gilles Villeneuve (Canada)
73%
Hungaroring (Hungary)
73%
Interlagos (Sao Paulo)
73%
Albert Park (Australia)
70%
Yas Marina (Abu Dhabi)
69%
COTA (USA)
68%
Emilia-Romagna (Imola)
68%
Hermanos Rodriguez (Mexico)
67%
Zandvoort (Netherlands)
67%
No matching quizzes found
Score Distribution
Percent of People with Each Score
Percentile by Number Answered
Your Score History
You have not taken this quiz